The Journal of industrial relations. (Record no. 523435)
[ view plain ]
| 000 -LEADER | |
|---|---|
| fixed length control field | 00712cas a22002051 4500 |
| 022 ## - INTERNATIONAL STANDARD SERIAL NUMBER | |
| International Standard Serial Number | 0022-1856 |
| 082 04 - DEWEY DECIMAL CLASSIFICATION NUMBER | |
| Classification number | 331.05 |
| 245 04 - TITLE STATEMENT | |
| Title | The Journal of industrial relations. |
| 260 ## - PUBLICATION, DISTRIBUTION, ETC. (IMPRINT) | |
| Place of publication, distribution, etc | Sydney |
| Name of publisher, distributor, etc | Industrial Relations Society of Australia |
| 300 ## - PHYSICAL DESCRIPTION | |
| Extent | volumes |
| Dimensions | 25 cm |
| 590 ## - LOCAL NOTE (RLIN) | |
| Ledger | SERBIB/SERLOC merged record |
| 650 #0 - SUBJECT ADDED ENTRY--TOPICAL TERM | |
| Topical term or geographic name as entry element | Industrial relations |
| 650 #0 - SUBJECT ADDED ENTRY--TOPICAL TERM | |
| Topical term or geographic name as entry element | Industrial relations |
| Geographic subdivision | Australia |
| 650 #6 - SUBJECT ADDED ENTRY--TOPICAL TERM | |
| Topical term or geographic name as entry element | Relations industrielles |
| 650 #6 - SUBJECT ADDED ENTRY--TOPICAL TERM | |
| Topical term or geographic name as entry element | Relations industrielles |
| Geographic subdivision | Australie |
| 650 #7 - SUBJECT ADDED ENTRY--TOPICAL TERM | |
| Topical term or geographic name as entry element | Industrial relations. |
| 710 2# - ADDED ENTRY--CORPORATE NAME | |
| Corporate name or jurisdiction name as entry element | Industrial Relations Society (Australia), |
| 710 2# - ADDED ENTRY--CORPORATE NAME | |
| Corporate name or jurisdiction name as entry element | Australian Labour and Employment Relations Association, |
| 942 ## - ADDED ENTRY ELEMENTS (KOHA) | |
| Koha item type | Continuing Resources |
| Damaged status | Not for loan | Permanent Location | Current Location | Date acquired | Full call number | Barcode | Koha item type | Shelving location |
|---|---|---|---|---|---|---|---|---|
| Central Library (CL) | Central Library (CL) | 03/07/2019 | 331.05 | NBSJ-16 | Continuing Resources | |||
| Central Library (CL) | Central Library (CL) | 03/07/2019 | 331.05 | NBSJ-17 | Continuing Resources | |||
| Central Library (CL) | Central Library (CL) | 03/07/2019 | 331.05 | NBSJ-18 | Continuing Resources | |||
| Central Library (CL) | Central Library (CL) | 03/07/2019 | 331.05 | NBSJ-19 | Continuing Resources | |||
| Central Library (CL) | Central Library (CL) | 03/07/2019 | 331.05 | NBSJ-20 | Continuing Resources | |||
| Central Library (CL) | Central Library (CL) | 03/07/2019 | 331.05 | NBSJ-21 | Continuing Resources | |||
| Central Library (CL) | Central Library (CL) | 03/07/2019 | 331.05 | NBSJ-22 | Continuing Resources | |||
| Central Library (CL) | Central Library (CL) | 03/07/2019 | 331.05 | NBSJ-23 | Continuing Resources | |||
| Central Library (CL) | Central Library (CL) | 03/07/2019 | 331.05 | NBSJ-24 | Continuing Resources | |||
| Central Library (CL) | Central Library (CL) | 03/07/2019 | 331.05 | NBSJ-25 | Continuing Resources | |||
| Central Library (CL) | Central Library (CL) | 03/07/2019 | 331.05 | NBSJ-26 | Continuing Resources | |||
| Central Library (CL) | Central Library (CL) | 03/07/2019 | 331.05 | NBSJ-27 | Continuing Resources | |||
| Central Library (CL) | Central Library (CL) | 03/07/2019 | 331.05 | NBSJ-28 | Continuing Resources | |||
| Central Library (CL) | Central Library (CL) | 01/10/2020 | 331.05 | S-94091 | Continuing Resources | Reference | ||
| Central Library (CL) | Central Library (CL) | 01/10/2020 | 331.05 | S-94092 | Continuing Resources | Reference | ||
| Central Library (CL) | Central Library (CL) | 01/10/2020 | 331.05 | S-94093 | Continuing Resources | Reference | ||
| Central Library (CL) | Central Library (CL) | 01/10/2020 | Vol. 61, No. 4 2019 | S-94094 | Continuing Resources | Reference |
